000 00530nam a2200169Ia 4500
008 090711s9999 xx 000 0 und d
082 _b542999
100 _aकेळकर ग. म.
245 _aअधुनिक बहिर्जी नाईक
260 _c1980
300 _a51
600 _aकेळकर ग. म.
630 _aअधुनिक बहिर्जी नाईक
700 _aकेळकर ग. म.
730 _aअधुनिक बहिर्जी नाईक
942 _cBOOK
999 _c309962
_d309962